| 000 | 01374cam a2200361 a 4500 | ||
|---|---|---|---|
| 999 |
_c342226 _d342226 |
||
| 001 | 3022046 | ||
| 003 | NUST | ||
| 005 | 20171213163845.0 | ||
| 008 | 940504s1994 nyua b 001 0 eng | ||
| 010 | _a 94153517 | ||
| 020 | _a1566192978 (casebound) | ||
| 020 | _a1566192986 (special) | ||
| 040 |
_aDLC _cDLC _dDLC |
||
| 041 | 1 |
_aeng _hchi |
|
| 050 | 0 | 0 |
_aU101 _b.S95 1994b |
| 082 | 0 | 0 |
_a355.02 _bSAW |
| 100 | 0 |
_aSunzi, _dactive 6th century B.C. _97234 |
|
| 240 | 1 | 0 |
_aSunzi bing fa. _lEnglish |
| 245 | 1 | 4 |
_aThe art of war = _b[Sunzi bing fa] / _cSun-tzu ; translated, with introductions and commentary by Ralph D. Sawyer ; with the collaboration of Mei-Chün Lee Sawyer. |
| 260 |
_aNew York : _bBarnes & Noble, _c1994. |
||
| 300 |
_a375 p. : _bill. ; _c22 cm. |
||
| 500 | _aParallel title in Chinese characters. | ||
| 504 | _aIncludes bibliographical references and index. | ||
| 650 | 0 |
_aMilitary art and science _vEarly works to 1800. _97235 |
|
| 700 | 1 |
_aSawyer, Ralph D. _97236 |
|
| 700 | 1 |
_aSawyer, Mei-Chün. _97237 |
|
| 740 | 0 | _aSunzi bing fa. | |
| 856 | 4 | 2 |
_3Publisher description _uhttp://www.loc.gov/catdir/description/ste041/94153517.html |
| 906 |
_a7 _bcbc _corignew _d2 _encip _f19 _gy-gencatlg |
||
| 942 |
_2ddc _cBK |
||
| 987 |
_aPINYIN _bDLC _c20030313 _dc |
||